|
|
|
|
| LEADER |
01128nam a2200325 i 4500 |
| 001 |
c000046449 |
| 003 |
CARM |
| 005 |
00000000000000.0 |
| 008 |
730525s1972 onc b 00010 fre d |
| 015 |
|
|
|a C73-173-3
|
| 019 |
1 |
|
|a 2014159
|5 LACONCORD2021
|
| 020 |
|
|
|a 0776613014
|b br.:
|c $4.80
|
| 035 |
|
|
|a (OCoLC)1344419
|5 LACONCORD2021
|
| 040 |
|
|
|a CaOONL
|b fre
|c CaOONL
|
| 043 |
|
|
|a n-cn---
|
| 045 |
|
|
|a v-x-
|
| 055 |
0 |
1 |
|a F5424
|
| 100 |
1 |
|
|a Marion, Seraphin,
|d 1896-
|
| 245 |
1 |
0 |
|a Hauts faits du Canada francais releves et commentes par des anglophones/
|c Seraphin Marion.
|
| 260 |
|
|
|a Ottawa:
|b Editions de l'Universite d'Ottawa,
|c 1972.
|
| 300 |
|
|
|a 206 p.;
|c 21 cm.
|
| 504 |
|
|
|a Comprend des references bibliographiques.
|
| 650 |
|
5 |
|a Canadians, French-speaking.
|
| 650 |
|
0 |
|a French-Canadians.
|
| 651 |
|
5 |
|a Canada
|x History.
|
| 651 |
|
0 |
|a Canada
|x History.
|
| 852 |
8 |
|
|b CARM
|h A2:AF25C0
|i B01330
|p 0064044
|f BK
|
| 082 |
0 |
4 |
|a 971
|
| 999 |
f |
f |
|i ff77c9f3-2a2a-5b63-85b6-bd02d2b84bd0
|s cf3020af-2c63-56d9-80d3-f76064dfd90d
|
| 952 |
f |
f |
|p Can circulate
|a CAVAL
|b CAVAL
|c CAVAL
|d CARM 1 Store
|e B01330
|f A2:AF25C0
|h Other scheme
|i book
|m 0064044
|